书目信息 |
| 题名: |
钳工实践
|
|
| 作者: | ;湖南省长沙市工交办公室 编 | |
| 分册: | ||
| 出版信息: | 上海 上海科学技术出版社 1978 |
|
| 页数: | 913页 | |
| 开本: | 20cm | |
| 丛书名: | ||
| 单 册: | ||
| 中图分类: | TG93 | |
| 科图分类: | ||
| 主题词: | 钳工 | |
| 电子资源: | ||
| ISBN: | ||
| 000 | 00628nam0 2200217 45 | |
| 001 | 0178002184 | |
| 005 | 20060728154749.79 | |
| 010 | @b精装@dCNY3.90 | |
| 091 | @a15119.1942 | |
| 100 | @a19950731d1978 em y0chiy0121 ea | |
| 101 | 0 | @achi |
| 102 | @aCN@b310000 | |
| 105 | @ay z 000yy | |
| 200 | 10 | @a钳工实践@Aqian gong shi jian@f湖南省长沙市革命委员会工交办公室编 |
| 210 | @a上海@c上海科学技术出版社@d1978 | |
| 215 | @a913页@d20cm | |
| 606 | @a钳工 | |
| 690 | @aTG93@v3 | |
| 711 | 02 | @a湖南省长沙市工交办公室@Ahu nan sheng chang sha shi gong jiao ban gong shi@4编 |
| 801 | 0 | @aCN@bTSSF@c20060728 |
| 905 | @a10447@dTG93@e24 | |
| 钳工实践/湖南省长沙市革命委员会工交办公室编.-上海:上海科学技术出版社,1978 |
| 913页;20cm |
| ISBN (精装):CNY3.90 |
| ● |
| 相关链接 |
|
|
|
|
正题名:钳工实践
索取号:TG93/24
 
预约/预借
| 序号 | 登录号 | 条形码 | 馆藏地/架位号 | 状态 | 备注 |
| 1 | 0438990 | 204389900 | 密集书库/ [索取号:TG93/24] | 在馆 |